000 00296nam a22001337a 4500
008 180316b xxu||||| |||| 00| 0 eng d
020 _a9790132343601
041 _aeng
080 _a78
100 _a45
101 _amus
245 _amusic for sight singing
_cottman.r.w
942 _2udc
_cBK
999 _c45276
_d45276